Retablo de Maese Pedro : (Record no. 170531)
[ view plain ]
| 000 -LEADER | |
|---|---|
| campo de control de longitud fija | 01328nab a2200241 i 4500 |
| 001 - NÚMERO DE CONTROL | |
| campo de control | 170531 |
| 003 - IDENTIFICADOR DE NÚMERO DE CONTROL | |
| campo de control | ES-MaACL |
| 005 - FECHA Y HORA DE LA ÚLTIMA TRANSACCIÓN | |
| campo de control | 20251010143638.0 |
| 008 - DATOS DE LONGITUD FIJA--INFORMACIÓN GENERAL | |
| campo de control de longitud fija | 090312s1905 sp 000 f spa d |
| 080 ## - NÚMERO DE LA CLASIFICACIÓN DECIMAL UNIVERSAL | |
| Número de la Clasificación Decimal Universal | 821.134.2 Cervantes Saavedra, Miguel de 7 Quijote.07 |
| 100 1# - ENTRADA PRINCIPAL--NOMBRE DE PERSONA | |
| Nombre de persona | Cervantes Saavedra, Miguel de, |
| Fechas asociadas al nombre | 1547-1616 |
| 9 (RLIN) | 226514 |
| 245 10 - MENCIÓN DEL TÍTULO | |
| Título | Retablo de Maese Pedro : |
| Resto del título | [parte II, cap. XXVI de El ingenioso hidalgo don Quijote de la Mancha] / |
| Mención de responsabilidad, etc. | Miguel de Cervantes Saavedra ; música arreglada por Cecilio de Roda ; dibujos de Joaquín Xaudaró. |
| 600 14 - PUNTO DE ACCESO ADICIONAL DE MATERIA--NOMBRE DE PERSONA | |
| Nombre de persona | Cervantes Saavedra, Miguel de, |
| Fechas asociadas al nombre | 1547-1616. |
| Título de la obra | Don Quijote de la Mancha- |
| Subdivisión de forma | Aniversarios y centenarios |
| 9 (RLIN) | 37614 |
| 610 24 - PUNTO DE ACCESO ADICIONAL DE MATERIA--NOMBRE DE ENTIDAD CORPORATIVA | |
| Nombre de entidad corporativa o nombre de jurisdicción como elemento de entrada | Ateneo de Madrid- |
| Subdivisión de forma | Conferencias- |
| Subdivisión cronológica | 1900-1939 |
| 9 (RLIN) | 1907 |
| 610 24 - PUNTO DE ACCESO ADICIONAL DE MATERIA--NOMBRE DE ENTIDAD CORPORATIVA | |
| Nombre de entidad corporativa o nombre de jurisdicción como elemento de entrada | Ateneo de Madrid- |
| Subdivisión de forma | Obras digitalizadas. |
| 9 (RLIN) | 1930 |
| 700 1# - ENTRADA AGREGADA--NOMBRE PERSONAL | |
| Nombre de persona | Roda, Cecilio de, |
| Fechas asociadas al nombre | 1865-1912 |
| 9 (RLIN) | 227158 |
| 700 1# - ENTRADA AGREGADA--NOMBRE PERSONAL | |
| Nombre de persona | Xaudaró, Joaquín, |
| Fechas asociadas al nombre | 1872-1933 |
| 9 (RLIN) | 117497 |
| 773 0# - ASIENTO DE ITEM FUENTE | |
| Título | El Ateneo de Madrid en el III Centenario de la publicación de El ingenioso hidalgo Don Quijote de la Mancha : conferencias, |
| Lugar, editor y fecha de publicación | Madrid, 1905 (Imp. de Bernardo Rodríguez), |
| Parte(s) relacionada(s) | p. 483-494 |
| Número bibliográfico anfitrión | 69185 |
| Número de ítem anfitrión | 71761 |
| Número de control del registro | 69185 |
| 856 ## - LOCALIZACIÓN Y ACCESO ELECTRÓNICOS | |
| Identificador Uniforme de Recursos | <a href="http://www.ateneodemadrid.net/biblioteca_digital/folletos/Folletos-0162.pdf">http://www.ateneodemadrid.net/biblioteca_digital/folletos/Folletos-0162.pdf</a> |
| Nota pública | Ver documento |
| 942 ## - ELEMENTOS DE ENTRADA SECUNDARIOS (KOHA) | |
| Tipo de ítem Koha | Capítulo de libro |
| Fuente del sistema de clasificación o colocación | Clasificación decimal universal |
No items available.
